000 00342nam a2200145Ia 4500
008 150201s1998 xx 000 0 und d
082 _a615.8
_bM98H
100 _aSCHWARTZMAN , ROBERTS
245 _aNEUROLOGIC EXAMINATION
250 _a1ST
260 _bBLACKWELL
_c1998
300 _a1-164
650 _aPHYSIOTHERAPY
942 _2ddc
_cBK
_02
999 _c1545
_d1545